Stredomorská politika EÚ po arabskej revolte
Politika Európskej únie v záujme udržania regionálnej stability na Strednom východe a v severnej Afrike. Vybudovanie energetických a obchodných väzieb, kontrola migrácie a predchádzanie šíreniu terorizmu. Podpora zhora riadených reforiem. Európska politika susedstva (ENP). Únia pre Stredomorie. Vlna...
Enregistré dans:
| Auteur principal: | |
|---|---|
| Format: | Chapitre de livre |
| Langue: | slovaque |
| Sujets: | |
| Tags: |
Pas de tags, Soyez le premier à ajouter un tag!
|
MARC
| LEADER | 00000naa a2200000 4500 | ||
|---|---|---|---|
| 001 | 0128543 | ||
| 005 | 20231018094145.8 | ||
| 041 | 0 | |a slo | |
| 044 | |a SK | ||
| 245 | 1 | 0 | |a Stredomorská politika EÚ po arabskej revolte |c Timo Behr |
| 520 | |a Politika Európskej únie v záujme udržania regionálnej stability na Strednom východe a v severnej Afrike. Vybudovanie energetických a obchodných väzieb, kontrola migrácie a predchádzanie šíreniu terorizmu. Podpora zhora riadených reforiem. Európska politika susedstva (ENP). Únia pre Stredomorie. Vlna demokratických protestov a zvrhnutie režimov v Tunisku a Egypte. Prebiehajúce povstania v severnej Afrike - dilema na viacerých úrovniach pre politiku EÚ. | ||
| 610 | 2 | 0 | |a politika zahraničná |
| 610 | 2 | 0 | |a politika medzinárodná |
| 610 | 2 | 0 | |a spolupráca medzinárodná |
| 610 | 2 | 0 | |a revolúcia |
| 610 | 2 | 0 | |a konflikty |
| 610 | 2 | 0 | |a Európska únia |
| 610 | 2 | 0 | |a Stredomorie |
| 610 | 2 | 0 | |a Afrika |
| 100 | 1 | |a Behr, Timo | |